000
00269nam a22001217a 4500
008
171108b xxu||||| |||| 00| 0 eng d
041
_a
eng
080
_a
330.322
100
_a
64
101
_a
INV
245
_a
INCOME PROPERTY APPRAISING
_c
FRYER,W.M
942
_2
udc
_c
BK
999
_c
38237
_d
38237